000 00592nam a2200205 i 4500
001 91370
003 ES-MaACL
005 20230906180716.0
007 t|
008 050128s1984 sp ||||1| spa d
100 1 _aLévi-Strauss, Claude.
_971961
245 1 0 _aPalabra dada /
_cClaude Lévi-Strauss ; traducción, Juan Bravo Castillo.
260 _a[Madrid] :
_bEspasa,
_c[1984]
300 _a256 p. ;
_c24 cm.
490 1 _aEspasa mañana
700 1 _aBravo Castillo, Juan.
_931474
830 0 _aEspasa mañana
_9177812
852 _aES-MaACL
_jL-6740
_bR.107756
999 _c91370
_d91370